| 000 | 01437nam0a2200349 4500 | ||
|---|---|---|---|
| 001 | RU\NLR\bibl\1518813 | ||
| 005 | 20260405071515.0 | ||
| 010 |
_a978-5-86983-003-6 _92000 |
||
| 035 | _a(NLR Aleph) 001510183 | ||
| 090 |
_a75514 _c75514 |
||
| 100 | _a20100405d2010 |||y0rusy50 ca | ||
| 101 | 0 | _arus | |
| 102 | _aRU | ||
| 105 | _aa ||||||||| | ||
| 200 | 1 |
_aЛадога князя Рюрика _e[иллюстрированный путеводитель] _fГлеб Райков |
|
| 210 |
_aСанкт-Петербург _cАлаборг _d2010 |
||
| 215 |
_a71 с. _cил., цв. ил., портр. _d23х24 |
||
| 225 | 1 | _aСерия "Русская провинция" | |
| 300 | _aВ вып. дан. авт.: Г. Райков к.иск. | ||
| 300 | _aНа обл. авт. не указан | ||
| 320 | _aБиблиогр.: с. 71 (12 назв.) | ||
| 607 |
_aСтарая Ладога, село (Ленинградская область) _jПутеводители _xИстория _91041397 _3RU\NLR\auth\6683146 |
||
| 686 | _aТ3(2Р-4Ле-2СтЛ)я23 | ||
| 700 | 1 |
_4070 _aРайков _bГ. П. _f1943- _gГлеб Павлович _9129800 _3RU\NLR\AUTH\770129831 |
|
| 702 | 0 |
_4570 _8rus _7ca _aРюрик _cкнязь _f-879 _3RU\NLR\AUTH\7718076 _91159 |
|
| 801 | 0 |
_aRU _bNLR _c20100405 _gRCR |
|
| 801 | 1 |
_aRU _bNLR _c20100405 |
|
| 830 | _aавт. по кн. | ||
| 942 | _cBOOK | ||
| 980 | _aNB | ||